aديوان إبن المعلم :bدراسة وتحقيق /cإعداد، مؤيد فاضل ملا رشيد ؛ إشراف محمد السعدي فرهود
Saved in:
| Main Author: | |
|---|---|
| Other Authors: | |
| Format: | Thesis |
| Language: | Arabic |
| Published: |
al-Qahirah :
Jami'at al-Azhar,
1985
|
| Subjects: | |
| Tags: |
Add Tag
No Tags, Be the first to tag this record!
|
| LEADER | 016090000a22003490004500 | ||
|---|---|---|---|
| 001 | 486954 | ||
| 005 | 20100413170800.0 | ||
| 008 | 1985 ua f m 000 0 ara d | ||
| 035 | |a (Sirsi) 486954 | ||
| 040 | |a UIAM |b eng | ||
| 041 | |a ara | ||
| 050 | |a PJ7755.I19 | ||
| 100 | 1 | |a رشيد، مؤيد فاضل ملا | |
| 242 | 1 | 0 | |a Diwan Ibn al-Mu'allim : |b dirasah wa tahqiq |
| 245 | 1 | |a aديوان إبن المعلم :bدراسة وتحقيق /cإعداد، مؤيد فاضل ملا رشيد ؛ إشراف محمد السعدي فرهود | |
| 260 | |a al-Qahirah : |b Jami'at al-Azhar, |c 1985 | ||
| 300 | |a 761 leaves ; |c 30 cm. | ||
| 500 | |a Abstracts in English and Arabic. | ||
| 500 | |a "Risalah li-nayl darjat al-Dukturah min qism al-Adab wa-al-Naqd" -- On t.p. | ||
| 502 | |a Thesis (Ph.D.) -- Jami'at al-Azhar, 1985 | ||
| 504 | |a Includes bibliographical references (leaves ). | ||
| 596 | |a 1 | ||
| 600 | |a Ibn al-Mu'allim, Muhammad ibn 'Ali, |d 1107-1196. |t Diwan | ||
| 650 | |a Arabic poetry |x Collected works |y 750-1258 | ||
| 650 | |a Arabic poetry |x History and criticism |y 750-1258 | ||
| 655 | |a Theses, Facsimile edition | ||
| 700 | |a Rashid, Mu'ayyad Fadil Mulla | ||
| 710 | |a Jami'at al-Azhar. |b Kulliyat al-Lughah al-'Arabiyah. Qism al-Adab wa al-Naqd | ||
| 710 | |a جامعة الأزهر. |b كلية اللغة العربية. قسم الأدب والنقد | ||
| 900 | |a naw-ami | ||
| 999 | |c 433198 |d 466985 | ||
| 952 | |0 0 |6 TI PJ 7755 I19 A17 R224 1985 |7 0 |8 THESES |9 751709 |a IIUM |b IIUM |c MULTIMEDIA |g 553.50 |o ti PJ 7755 I19 A17 R224 1985 |p 00011170059 |r 2017-10-23 |t 1 |v 553.50 |y THESIS | ||
